MARC details
| 000 -CABECERA |
| campo de control de longitud fija |
01101nam a2200265 a 4500 |
| 001 - NÚMERO DE CONTROL |
| campo de control |
000005400 |
| 005 - FECHA Y HORA DE LA ÚLTIMA TRANSACCIÓN |
| campo de control |
20200929151651.0 |
| 008 - DATOS DE LONGITUD FIJA--INFORMACIÓN GENERAL |
| campo de control de longitud fija |
090819s1982 sp a 001 0 spa d |
| 020 ## - NÚMERO INTERNACIONAL ESTÁNDAR DEL LIBRO |
| Número Internacional Estándar del Libro |
8400050673 |
| 040 ## - FUENTE DE LA CATALOGACIÓN |
| Centro catalogador/agencia de origen |
DO-SdBNP |
| Lengua de catalogación |
spa |
| Centro/agencia transcriptor |
BNPHU |
| 082 ## - NÚMERO DE LA CLASIFICACIÓN DECIMAL DEWEY |
| Número de clasificación |
595.77 |
| Número de documento/Ítem |
E56t |
| 049 ## - FONDOS LOCALES (OCLC) |
| Fondos de biblioteca |
BNPD |
| 100 1# - ENTRADA PRINCIPAL--NOMBRE DE PERSONA |
| Nombre de persona |
Encinas Grandes, Antonio |
| 9 (RLIN) |
15325 |
| 245 10 - MENCIÓN DE TÍTULO |
| Título |
Taxonomía y biología de los mosquitos del área salmantina : |
| Resto del título |
(díptera, culicidae) / |
| Mención de responsabilidad, etc. |
Antonio Encimas Grandes. |
| 260 ## - PUBLICACIÓN, DISTRIBUCIÓN, ETC. |
| Lugar de publicación, distribución, etc. |
Salamanca, Madrid : |
| Nombre del editor, distribuidor, etc. |
CSIC : Ediciones Universidad de Salamanca, |
| Fecha de publicación, distribución, etc. |
1982. |
| 300 ## - DESCRIPCIÓN FÍSICA |
| Extensión |
437 p. : |
| Otras características físicas |
il., gráfcs., mapas ; |
| Dimensiones |
25 cm. |
| 504 ## - NOTA DE BIBLIOGRAFÍA, ETC. |
| Nota de bibliografía, etc. |
Incluye bibliografía y notas al pie de páginas. |
| 504 ## - NOTA DE BIBLIOGRAFÍA, ETC. |
| Nota de bibliografía, etc. |
Incluye bibliografía: p.401-417. |
| 650 #4 - PUNTO DE ACCESO ADICIONAL DE MATERIA--TÉRMINO DE MATERIA |
| Término de materia o nombre geográfico como elemento de entrada |
Dípteros |
| Subdivisión general |
Investigaciones |
| Subdivisión geográfica |
España |
| 9 (RLIN) |
15326 |
| 650 #4 - PUNTO DE ACCESO ADICIONAL DE MATERIA--TÉRMINO DE MATERIA |
| Término de materia o nombre geográfico como elemento de entrada |
Insectos vectores |
| Subdivisión geográfica |
España |
| 9 (RLIN) |
15327 |
| 650 #4 - PUNTO DE ACCESO ADICIONAL DE MATERIA--TÉRMINO DE MATERIA |
| Término de materia o nombre geográfico como elemento de entrada |
Mosquitos |
| Subdivisión general |
Investigaciones |
| Subdivisión geográfica |
España |
| 9 (RLIN) |
15328 |
| 650 #4 - PUNTO DE ACCESO ADICIONAL DE MATERIA--TÉRMINO DE MATERIA |
| Término de materia o nombre geográfico como elemento de entrada |
Entomología veterinaria |
| 9 (RLIN) |
15329 |
| 710 1# - PUNTO DE ACCESO ADICIONAL--NOMBRE DE ENTIDAD CORPORATIVA |
| Nombre de entidad corporativa o nombre de jurisdicción como elemento de entrada |
Consejo Superior de Investigaciones Científicas (España). |
| Unidad subordinada |
Centro de Edafología y Biología Aplicada |
| 9 (RLIN) |
15330 |
| 910 ## - DATOS DE OPCIÓN DEL USUARIO (OCLC) |
| Datos de opción del usuario |
Validado. Control de calidad EMS |